|
|
|
|
| LEADER |
00000naa2a2200000 4500 |
| 001 |
621897 |
| 005 |
20240204162307.0 |
| 035 |
|
|
|a (RuTPU)RU\TPU\conf\20534
|
| 035 |
|
|
|a RU\TPU\conf\20533
|
| 090 |
|
|
|a 621897
|
| 100 |
|
|
|a 20170126d2016 k y0rusy50 ca
|
| 101 |
0 |
|
|a rus
|
| 102 |
|
|
|a RU
|
| 105 |
|
|
|a y z 101zy
|
| 135 |
|
|
|a drcn ---uucaa
|
| 181 |
|
0 |
|a i
|
| 182 |
|
0 |
|a b
|
| 200 |
1 |
|
|a Изучение компьютерных технологий и их использование в реализации интегративных проектов
|f О. Н. Ефремова
|
| 203 |
|
|
|a Текст
|c электронный
|
| 225 |
1 |
|
|a Новые образовательные технологии в области контроля и управления
|
| 300 |
|
|
|a Заглавие с титульного экрана
|
| 320 |
|
|
|a [Библиогр.: с. 26-27 (3 назв.)]
|
| 461 |
|
1 |
|0 (RuTPU)RU\TPU\conf\19613
|t Ресурсоэффективные системы в управлении и контроле: взгляд в будущее
|o сборник научных трудов V Международной конференции школьников, студентов, аспирантов, молодых ученых, г. Томск. 3-8 октября 2016 г.
|o в 3 т.
|f Национальный исследовательский Томский политехнический университет (ТПУ)
|d 2016
|
| 463 |
|
1 |
|0 (RuTPU)RU\TPU\conf\19616
|t Т. 3
|v [С. 20-27]
|d 2016
|
| 610 |
1 |
|
|a труды учёных ТПУ
|
| 610 |
1 |
|
|a электронные ресурсы
|
| 610 |
1 |
|
|a MathCAD
|
| 610 |
1 |
|
|a интегративные проекты
|
| 610 |
1 |
|
|a математические объекты
|
| 610 |
1 |
|
|a Интернет
|
| 610 |
1 |
|
|a параметрические уравнения
|
| 700 |
|
1 |
|a Ефремова
|b О. Н.
|c математик
|c доцент Томского политехнического университета, кандидат наук
|f 1965-
|g Оксана Николаевна
|3 (RuTPU)RU\TPU\pers\26750
|9 12393
|
| 712 |
0 |
2 |
|a Национальный исследовательский Томский политехнический университет (ТПУ)
|b Институт международного образования и языковой коммуникации (ИМОЯК)
|b Кафедра междисциплинарная (МД)
|3 (RuTPU)RU\TPU\col\19012
|
| 801 |
|
2 |
|a RU
|b 63413507
|c 20170208
|g RCR
|
| 856 |
4 |
|
|u http://earchive.tpu.ru/handle/11683/36560
|
| 942 |
|
|
|c BK
|